Southville International School and Colleges
Your cart is empty.
  • Cart
  • Lists
    Public lists Eva Luna New books Lux_list list_1
    Your lists Log in to create your own lists
  • Log in to your account
  • Your cookies
  • Search history
Southville International School and Colleges
  • Advanced search
  • Recent comments
  • Most popular
  • Libraries

Log in to your account

Log in with GOOGLE


If you do not have an external account, but do have a local account, you can still log in:

  1. Home
  2. MARC view: Television engagement and study habits /
Normal view MARC view ISBD view

Television engagement and study habits / (Record no. 288674)

[ view plain ]
MARC details
000 -LEADER
fixed length control field 00830nam a22002297a 4500
003 - CONTROL NUMBER IDENTIFIER
control field 0
005 - DATE AND TIME OF LATEST TRANSACTION
control field 20250129102308.0
008 - FIXED-LENGTH DATA ELEMENTS--GENERAL INFORMATION
fixed length control field 150915b xxu||||| |||| 00| 0 eng d
050 ## - LIBRARY OF CONGRESS CALL NUMBER
Classification number PGS HQ 784.T4
Item number .C559 2015
100 ## - MAIN ENTRY--PERSONAL NAME
Personal name Chun, Min Jae.
245 ## - TITLE STATEMENT
Title Television engagement and study habits /
Statement of responsibility, etc Min Jae Chun.
260 ## - PUBLICATION, DISTRIBUTION, ETC. (IMPRINT)
Place of publication, distribution, etc Las Piñas City, Philippines :
Name of publisher, distributor, etc Southville International School and Colleges,
Date of publication, distribution, etc 2015.
300 ## - PHYSICAL DESCRIPTION
Extent 27 p. :
Other physical details ill. ;
Dimensions 28 cm.
Type of unit PASS
504 ## - BIBLIOGRAPHY, ETC. NOTE
Bibliography, etc Includes bibliographical references.
650 ## - SUBJECT ADDED ENTRY--TOPICAL TERM
Source of heading or term Library of Congress Subject Headings
Topical term or geographic name as entry element Television and children.
650 ## - SUBJECT ADDED ENTRY--TOPICAL TERM
Topical term or geographic name as entry element Study skills in children.
650 ## - SUBJECT ADDED ENTRY--TOPICAL TERM
Topical term or geographic name as entry element Study habits.
650 ## - SUBJECT ADDED ENTRY--TOPICAL TERM
Topical term or geographic name as entry element Elementary school students
Form subdivision Psychology.
650 ## - SUBJECT ADDED ENTRY--TOPICAL TERM
Topical term or geographic name as entry element Television
Form subdivision Psychological aspects.
650 ## - SUBJECT ADDED ENTRY--TOPICAL TERM
Topical term or geographic name as entry element Habitss
Form subdivision Psychological aspect
942 ## - ADDED ENTRY ELEMENTS (KOHA)
Source of classification or shelving scheme Library of Congress Classification
Koha item type PASS
Holdings
Withdrawn status Lost status Source of classification or shelving scheme Damaged status Not for loan Home library Current library Shelving location Date acquired Source of acquisition Total Checkouts Full call number Barcode Date last seen Price effective from Koha item type Public note
    Library of Congress Classification   Not For Loan Luxembourg Library Luxembourg Library Portfolio Assessment of SISC Students Section 09/15/2015 Donation   PGS HQ 784.T4 .C559 2015 P3413 09/15/2015 09/15/2015 PASS Be Amazing, Be Southville!

Television engagement and study habits /

APA

Chun M. J., . (2015). Television engagement and study habits. Las Piñas City, Philippines: Southville International School and Colleges.

Chicago

Chun Min Jae, . 2015. Television engagement and study habits. Las Piñas City, Philippines: Southville International School and Colleges.

Harvard

Chun M. J., . (2015). Television engagement and study habits. Las Piñas City, Philippines: Southville International School and Colleges.

MLA

Chun Min Jae, . Television engagement and study habits. Las Piñas City, Philippines: Southville International School and Colleges. 2015.

  • Print
  • Cite
  • Add to your cart (remove)
  • Save record
    BIBTEX Dublin Core MARCXML MARC (non-Unicode/MARC-8) MARC (Unicode/UTF-8) MARC (Unicode/UTF-8, Standard) MODS (XML) RIS
  • More searches
    Search for this title in:
    Other Libraries (WorldCat) Other Databases (Google Scholar) Online Stores (Bookfinder.com) Open Library (openlibrary.org)

Exporting to Dublin Core...

SOUTHVILLE LIBRARY

Southville International School and Colleges Library

1281 Tropical Ave. Cor. Luxembourg St., BF Homes International, Las Pinas City

Tel. No. 8256374 / 252358 Loc. 117/146

Powered by Koha